000 01470nam a22003017a 4500
005 20080812021043.0
010 _aENG-90740 B-430938
020 _a9780195694192
_c750.00
020 _a0195694198
035 _aEN-74273 B-430938
037 _bDBAD / PUB
037 _bAllied Pub/Ven
082 _a230.31
100 _aApffel-Marglin, Frédérique.
_929318
245 _aRhythms of life :
_benacting the world with the goddesses of Orissa /
_cFrederique Apffel-Marglin.
260 _aNew Delhi :
_bOxford University Press,
_c2008.
300 _axi, 292 p. ;
_c23 cm.(Hb)
490 _aOxford collected essays
_929319
500 _aIncludes bibliographical references and index.
520 _aOn the Devadāsīs and local folk religion, Raja as celebrated in Purī, India; articles; a couple co-authored.
650 _aDevadāsīs
_zIndia
_zPurī.
_929320
650 _aFolk religion
_zIndia
_zPurī.
_929321
942 _2ddc
_cEN
_mAPF
_h230.31
999 _c14887
_d14887